000
00312nam a2200121Ia 4500
005
20260328104248.0
008
260328s9999||||xx |||||||||||||| ||und||
100
_a
Gispert, Carlos
245
0
_a
Historia de las Antiguas Civilizaciones /
_c
Carlos Gispert
260
_b
Océano
650
_a
HISTORIA
942
_c
BK
999
_c
10160
_d
10160